000 00924nam a2200265 a 4500
001 000002479
003 OSt
005 20200929150210.0
008 090702s2005 dr a 000 0 spa d
020 _a8493350478
040 _aDO-SdBNP
_bspa
_cBNPHU
100 1 _aGimeno Blay, Francisco M.
_97815
245 1 0 _aAdmiradas mayúsculas :
_bla recuperación de los modelos gráficos romanos /
_cFrancisco M. Gimeno Blay ; introducción Francisco Rico.
260 _aMadrid :
_bInstituto de Historia del Libro y de la Lectura,
_c2005.
300 _a166 p. :
_bil. ;
_c23 cm.
490 1 _aMinor
_v7
500 _aIncluye índice.
500 _aIncluye referencias bibliográficas y notas al pie de las páginas.
500 _aTexto en español e Italiano.
504 _aBibliografía : p.157-166
700 1 _aRico, Francisco,
_e introducción
_97816
830 0 _aMinor, 7
_97817
942 _2ddc
_cLF1
956 _aLOPEREZ
999 _c2315
_d2315